| 000 | 00395nam a2200145Ia 4500 | ||
|---|---|---|---|
| 008 | 160114s9999 xx 000 0 und d | ||
| 020 | _a1842392743 | ||
| 050 | _a634.9 | ||
| 050 | _b.D611 2000 | ||
| 245 | _aJungle Safari Pop-up Book / | ||
| 260 |
_aUK : _bAlligator Books Ltd. _c2000 |
||
| 440 | _aDiscovery Channel | ||
| 500 | _a Pop-up book, colour photos, fact boxes. | ||
| 650 | _aAnimals. | ||
| 999 |
_c290317 _d290317 |
||